[Event "12th Chennai Open 2020"]
[Site "Chennai"]
[Date "2020.01.20"]
[Round "4.19"]
[White "Neelotpal, Das"]
[Black "Barath Kalyan M"]
[Result "1-0"]
[WhiteElo "2436"]
[BlackElo "2091"]
[Annotator "ChessBase"]
[PlyCount "107"]
[EventDate "2020.01.19"]
[EventType "swiss"]
[EventCountry "IND"]
[SourceTitle "playchess.com"]
[Source "ChessBase"]
[SourceQuality "1"]
[TimeControl "5400+30"]

1. d4 {[%emt 1:30:30]} Nf6 {[%emt 1:30:30]} 2. c4 {[%emt 0:00:30]} e6 {[%emt 0:00:30]} 3. Nc3 {[%emt 0:00:30]} Bb4 {[%emt 0:00:30]} 4. e3 {[%emt 0:00:30]} O-O {[%emt 0:00:30]} 5. Nf3 {[%emt 0:00:30]} Bxc3+ {[%emt 0:00:30]} 6. bxc3 {[%emt 0:00:30]} d6 {[%emt 0:00:30]} 7. Bd3 {[%emt 0:00:30]} Nc6 {[%emt 0:00:30]} 8. O-O {[%emt 0:00:30]} e5 {[%emt 0:00:30]} 9. Nd2 {[%emt 0:00:30]} Qe7 {[%emt 0:00:30]} 10. Bb2 {[%emt 0:00:30]} e4 {[%emt 0:00:30]} 11. Bc2 {[%emt 0:00:30]} Bg4 {[%emt 0:00:30]} 12. Qb1 {[%emt 0:00:30]} Rfe8 {[%emt 0:00:30]} 13. Ba3 {[%emt 0:00:30]} b6 {[%emt 0:00:30]} 14. Qb5 {[%emt 0:00:30]} Na5 {[%emt 0:00:30]} 15. Bb4 {[%emt 0:00:30]} Nb7 {[%emt 0:00:30]} 16. Qg5 {[%emt 0:00:30]} c5 {[%emt 0:00:30]} 17. Ba3 {[%emt 0:00:30]} Bd7 {[%emt 0:00:30]} 18. Rae1 {[%emt 0:00:30]} Bc6 {[%emt 0:00:30]} 19. Qg3 {[%emt 0:00:30]} Nh5 {[%emt 0:00:30]} 20. Qh3 {[%emt 0:00:30]} Nf6 {[%emt 0:00:30]} 21. f3 {[%emt 0:00:30]} d5 {[%emt 0:00:30]} 22. cxd5 {[%emt 0:00:30]} Bxd5 {[%emt 0:00:30]} 23. c4 {[%emt 0:00:30]} Be6 {[%emt 0:00:30]} 24. Qh4 {[%emt 0:00:30]} exf3 {[%emt 0:00:30]} 25. gxf3 {[%emt 0:00:30]} h6 {[%emt 0:00:30]} 26. Kh1 {[%emt 0:00:30]} Na5 {[%emt 0:00:30]} 27. Rg1 {[%emt 0:00:30]} Kh8 {[%emt 0:00:30]} 28. d5 {[%emt 0:00:30]} Nxc4 {[%emt 0:00:30]} 29. Qxc4 {[%emt 0:00:30]} Bxd5 {[%emt 0:00:30]} 30. Qf4 {[%emt 0:00:30]} Qe5 {[%emt 0:00:30]} 31. Qxe5 {[%emt 0:00:30]} Rxe5 {[%emt 0:00:30]} 32. Bb2 {[%emt 0:00:30]} Re6 {[%emt 0:00:30]} 33. e4 {[%emt 0:00:30]} Bxa2 {[%emt 0:00:30]} 34. Ra1 {[%emt 0:00:30]} Rd8 {[%emt 0:00:30]} 35. Rg2 {[%emt 0:00:30]} Red6 {[%emt 0:00:30]} 36. Nf1 {[%emt 0:00:30]} Bc4 {[%emt 0:00:30]} 37. e5 {[%emt 0:00:30]} Bxf1 {[%emt 0:00:30]} 38. Rxf1 {[%emt 0:00:30]} Rd2 {[%emt 0:00:30]} 39. exf6 {[%emt 0:00:30]} Rxg2 {[%emt 0:00:30]} 40. Kxg2 {[%emt 0:00:30]} Rd2+ {[%emt 0:00:30]} 41. Rf2 {[%emt 0:00:30]} Rxf2+ {[%emt 0:00:30]} 42. Kxf2 {[%emt 0:00:30]} g5 {[%emt 0:00:30]} 43. Bd3 {[%emt 0:00:30]} a5 {[%emt 0:00:30]} 44. Bb5 {[%emt 0:00:30]} Kh7 {[%emt 0:00:30]} 45. Ke3 {[%emt 0:00:30]} Kg6 {[%emt 0:00:30]} 46. Ke4 {[%emt 0:00:30]} h5 {[%emt 0:00:30]} 47. Ke5 {[%emt 0:00:30]} h4 {[%emt 0:00:30]} 48. h3 {[%emt 0:00:30]} Kh6 {[%emt 0:00:30]} 49. Kf5 {[%emt 0:00:30]} a4 {[%emt 0:00:30]} 50. Bc1 {[%emt 0:00:30]} a3 {[%emt 0:00:30]} 51. Bxa3 {[%emt 0:00:30]} c4 {[%emt 0:00:30]} 52. Bxc4 {[%emt 0:00:30]} b5 {[%emt 0:00:30]} 53. Bf8+ {[%emt 0:00:30]} Kh5 {[%emt 0:00:30]} 54. Bxf7# {[%emt 0:00:30]} 1-0

[Event "12th Chennai Open 2020"]
[Site "Chennai"]
[Date "2020.01.21"]
[Round "5.1"]
[White "Das, Sayantan"]
[Black "Martinez Alcantara, Jose Eduardo"]
[Result "0-1"]
[WhiteElo "2424"]
[BlackElo "2606"]
[Annotator "TA"]
[PlyCount "140"]
[EventDate "2020.01.19"]
[EventType "swiss"]
[EventCountry "IND"]
[SourceTitle "playchess.com"]
[Source "ChessBase"]
[SourceQuality "1"]

{[%evp 9,140,13,16,16,19,0,25,25,24,29,25,28,54,50,40,-39,-14,-20,0,0,0,0,0,-16,-6,-24,-7,-7,-6,-10,-15,-20,-29,-47,-13,-18,-27,-27,-35,-32,-34,-26,-10,-10,-10,-10,-10,-10,-11,-11,22,31,36,0,0,0,0,0,0,0,14,17,32,0,0,0,0,0,0,0,0,0,10,1,8,-6,0,0,0,0,0,-18,-19,-21,-30,-159,-155,-148,-146,-752,-749,-929,-922,-904,-902,-894,-898,-762,-754,-935,-935,-1072,-1314,-1019,-935,-882,-874,-1337,-1141,-5620,-5202,-5591,-5193,-29974,-29975,-29974,-29975,-29971,-29972,-29979,-29980,-29980,-29981,-29980,-29981,-29980,-29981,-29980,-29981,-29982,-29983,-29980,-29978]} 1. e4 c5 2. Nf3 d6 3. Bb5+ Nd7 4. d4 cxd4 5. Qxd4 a6 6. Be2 {B51: Sicilian: Moscow Variation (3 Bb5+) without 3...Bd7} (6. Bc4 {with more complications.} Ngf6 7. a4 e5 8. Qe3 Qc7 9. Qe2) 6... Ngf6 7. O-O g6 8. Nc3 {White has an edge.} Bg7 9. Rd1 O-O 10. e5 dxe5 11. Nxe5 Qc7 12. f4 $146 (12. Bf4 $14 Nh5 13. Bxh5 (13. Nxg6 Qd8 $11) 13... Bxe5 14. Nd5) ({Predecessor:} 12. Bf4 Nh5 13. Bxh5 Bxe5 {1-0 (50) Artemiev,V (2682)-Can,E (2589) Minsk 2017}) 12... Nxe5 13. Qxe5 Ne8 14. Qxc7 Nxc7 15. Be3 Bf5 16. Rd2 b5 17. a3 Rac8 18. g4 Be6 19. Bd4 Bh6 20. g5 Bg7 21. Bf3 Bf5 22. Bxg7 Kxg7 23. Kf2 Ne6 24. Ke3 Rh8 25. Nd5 Rxc2 26. Rxc2 Bxc2 27. Rc1 Bb3 28. Rc3 Bc4 29. b3 Bf1 (29... Bxd5 $5 30. Bxd5 h6 $11) 30. Bg4 h6 31. Bxe6 (31. Kf2 {keeps more tension.} hxg5 32. Kxf1 Nxf4 33. Nxf4 gxf4 34. b4) 31... fxe6 $14 {[%mdl 4096] Endgame KRB-KRN} 32. Nc7 hxg5 33. Nxe6+ Kf6 34. Nxg5 Rxh2 35. Rc1 Rh1 {White should prevent ...Bg2.} 36. Rc6+ {[%mdl 1024] White has compensation.} Kf5 37. Kf3 Bd3 38. Rc5+ Kf6 39. Rc6+ Kg7 40. Rxa6 Rb1 41. b4 Bc4 42. Ra7 Bd5+ 43. Ke3 Kf6 44. Rd7 Bg2 45. Ra7 Rb3+ 46. Kf2 Bd5 47. Ra5 {[#]} (47. Rd7 $11 Bc4 48. Ne4+ Kf5 {[%mdl 64] Double Attack} 49. Nd2 Rxa3 50. Rxe7) 47... Kf5 $1 $17 48. Rxb5 e6 49. Ra5 $2 {[%mdl 8192]} (49. Nh7 $17) 49... Kxf4 $19 50. Nf7 Rb2+ 51. Ke1 Ke3 {[%cal Rb2b1] [#]} 52. Kd1 Be4 {[%cal Rb2b1]} 53. Rc5 Rf2 {[%cal Rf2f1]} 54. Rc3+ Bd3 {( -> ...Rf1#)} 55. Rxd3+ Kxd3 {[%cal Rf2f1] KR-KN} 56. Ne5+ Kd4 57. Nc6+ Kd5 58. b5 Kc5 59. a4 Rf4 60. Ne5 Rxa4 61. Nxg6 Kxb5 {Black mates.} 62. Nf8 Re4 63. Kd2 Kc4 64. Nh7 Rh4 65. Ng5 Kd5 66. Ke2 e5 67. Nf3 Ra4 68. Ng5 Ra3 69. Kf2 e4 70. Ke2 Rg3 {Accuracy: White = 46%, Black = 66%.} 0-1

[Event "12th Chennai Open 2020"]
[Site "Chennai"]
[Date "2020.01.21"]
[Round "5.2"]
[White "Harshavardhan G B"]
[Black "Bogdanovich, Stanislav"]
[Result "1-0"]
[WhiteElo "2343"]
[BlackElo "2562"]
[Annotator "TA"]
[PlyCount "26"]
[EventDate "2020.01.19"]
[EventType "swiss"]
[EventCountry "IND"]
[SourceTitle "playchess.com"]
[Source "ChessBase"]
[SourceQuality "1"]

{[%evp 9,26,36,44,0,20,6,5,10,2,16,41,45,41,42,47,50,394,388,830]} 1. d4 Nf6 2. c4 e6 3. Nc3 Bb4 4. Qc2 Nc6 5. Nf3 d6 6. g4 {E33: Nimzo-Indian: Classical: 4...Nc6} (6. Bd2 Qe7 7. e3 a5 8. a3 Bxc3 9. Bxc3 e5 10. d5 Nb8 11. Nd2 O-O 12. b3 c6 13. dxc6 Nxc6 14. Bd3 Be6 15. O-O d5 16. cxd5 Bxd5 17. Rfd1 Rac8 {½-½ (17) Wagner,D (2580)-Nisipeanu,L (2670) Skopje 2019}) 6... d5 7. a3 $146 ({Predecessor:} 7. g5 Ne4 8. Bf4 Nxc3 9. bxc3 Bd6 10. Bd2 Na5 11. c5 Be7 12. e4 b6 13. cxb6 axb6 {0-1 (38) Harazinska,E (2140)-Cherednichenko,E (2166) Poronin 2014}) 7... Bxc3+ $1 8. Qxc3 {The position is equal.} Ne4 9. Qc2 e5 10. Bg2 Bxg4 ({But not} 10... exd4 $2 11. cxd5 Qxd5 12. Ng5 $18) 11. cxd5 Qxd5 12. Nxe5 Qxd4 $4 {[%mdl 8192] [#]} (12... Nxd4 $14 13. Qxe4 Nc2+ 14. Qxc2 Qxg2 15. Qa4+ {[%mdl 64] Double Attack} c6 16. Qxg4 (16. Rf1 $2 Bh3 $19) 16... Qxh1+ 17. Kd2 Rd8+ 18. Nd3 O-O) 13. Nxg4 $18 Qd5 $2 (13... f5 14. Bf4 O-O-O) 1-0

[Event "12th Chennai Open 2020"]
[Site "Chennai"]
[Date "2020.01.21"]
[Round "5.3"]
[White "Visakh N R"]
[Black "Khusenkhojaev, Muhammad"]
[Result "1-0"]
[WhiteElo "2518"]
[BlackElo "2420"]
[Annotator "TA"]
[PlyCount "61"]
[EventDate "2020.01.19"]
[EventType "swiss"]
[EventCountry "IND"]
[SourceTitle "playchess.com"]
[Source "ChessBase"]
[SourceQuality "1"]

{[%evp 22,61,34,18,20,0,0,0,0,0,0,0,71,67,57,74,65,47,47,41,38,48,52,41,107,102,130,65,97,100,87,89,103,91,95,92,239,231,300,302,448,440]} 1. c4 Nf6 2. d4 g6 3. Nc3 d5 4. Nf3 Bg7 5. Qb3 dxc4 6. Qxc4 O-O 7. e4 Bg4 8. Be3 Nfd7 9. O-O-O Nb6 10. Qc5 e5 11. d5 N8d7 12. Qa3 c6 $146 {D98: Grünfeld: Russian System: 7 e4 Bg4} ({Predecessor:} 12... f5 13. h3 Bxf3 14. gxf3 f4 15. Bd2 Qh4 16. Be1 Rfc8 17. d6 Bf8 18. Qb3+ Kh8 19. dxc7 Rxc7 20. Kb1 {0-1 (46) Wojtaszek,R (2622)-Vachier Lagrave,M (2577) Lausanne 2006}) 13. h3 (13. Kb1 {looks sharper.} Re8 14. dxc6 bxc6 15. h3 Bxf3 16. gxf3 Qh4 17. Ba6) 13... Bxf3 14. gxf3 cxd5 {The position is equal.} 15. Nxd5 Nxd5 16. Rxd5 Qc8+ (16... Qf6 $11 {keeps the balance.}) 17. Kb1 $16 Nb6 18. Rc5 Qe6 19. Qb3 Qxb3 20. axb3 Rfc8 21. Ra5 Rc6 22. Bb5 Rd6 (22... Re6 $14) 23. Rc1 a6 {[#]} 24. Be2 (24. Rc7 $1 $16) 24... Rc8 25. Rxc8+ Nxc8 {[#]} 26. Rc5 $1 $36 {[%cal Rc5c8][%mdl 2048] Keeping Black busy.} Rd8 27. Rc7 Nd6 28. Bc4 Rb8 (28... Kf8 $16) 29. Bd5 $18 b6 30. Rd7 Bf8 (30... Nb5 $142 31. Bxf7+ (31. Rxf7 Kh8 $18) 31... Kh8) 31. f4 {Accuracy: White = 71%, Black = 38%.} 1-0

[Event "12th Chennai Open 2020"]
[Site "Chennai"]
[Date "2020.01.21"]
[Round "5.4"]
[White "Ponkratov, Pavel"]
[Black "Manik, Mikulas"]
[Result "1-0"]
[WhiteElo "2622"]
[BlackElo "2378"]
[Annotator "TA"]
[PlyCount "87"]
[EventDate "2020.01.19"]
[EventType "swiss"]
[EventCountry "IND"]
[SourceTitle "playchess.com"]
[Source "ChessBase"]
[SourceQuality "1"]

{[%evp 17,87,36,26,0,0,0,-2,-5,-2,-36,-31,-51,-41,-67,-45,-82,-72,-111,-44,-50,-52,-37,-37,-20,-45,-140,0,0,0,-75,-79,-68,-39,-60,-19,-24,47,47,43,60,56,46,161,170,160,88,117,102,164,131,1024,1016,989,887,1409,375,375,213,368,437,437,439,439,437,435,437,395,413,374,379,343,335]} 1. e4 c5 2. Nf3 d6 3. d4 cxd4 4. Nxd4 Nf6 5. Nc3 a6 6. h3 e6 7. g4 d5 8. exd5 Nxd5 9. Nde2 Bb4 10. Bd2 {B81: Sicilian Scheveningen: Keres Attack} (10. Bg2 O-O 11. O-O Nxc3 12. Nxc3 Qc7 13. Qd4 Nc6 14. Bxc6 Bxc3 15. Qxc3 bxc6 16. Be3 e5 17. Rae1 Bd7 18. Bc5 {½-½ (62) Fedoseev,V (2665)-Kokarev,D (2636) Novosibirsk 2016}) 10... Nxc3 11. Nxc3 Bd7 12. Ne4 {The position is equal.} Qb6 13. c3 $146 ({Predecessor:} 13. Bg2 O-O 14. O-O Bc6 15. Be3 Qc7 16. g5 Nd7 {½-½ (41) Sferle,M (2500)-Munoz Moreno,F (2457) ICCF email 2008}) 13... Bc6 14. Qc2 Be7 15. Be3 Qa5 16. g5 Nd7 17. Bg2 O-O (17... O-O-O $17 18. O-O h6 19. gxh6 gxh6) 18. f4 $15 f5 19. Ng3 Rad8 20. Bxc6 bxc6 21. h4 {[#]} (21. O-O $15) 21... Nb6 (21... Ne5 $1 $17 {[%cal Re5d3][%mdl 512] Threatens to win with ...Nd3+.} 22. Qb3 (22. fxe5 $2 Qxe5 {[%mdl 64] Double Attack} 23. Qe2 Qxg3+ 24. Bf2 Qg2 $19) 22... Nd3+ 23. Kf1 Bc5) 22. b4 $1 $11 {[%cal Rb4a5]} Qa4 23. Rh2 (23. Qb3 $11 Qxb3 24. axb3) 23... Qxc2 $17 24. Rxc2 Nc4 25. Bd4 Na3 26. Re2 Bxb4 (26... Nb5 $11 27. a3 Kf7) 27. Bxg7 $1 $14 Kxg7 28. cxb4 Rd6 29. Rd1 Rfd8 (29... Rxd1+ $1 $14 30. Kxd1 Kf7) 30. Rxd6 $18 Rxd6 {[%mdl 4096] Endgame KRN-KRN} 31. Nh5+ (31. Rd2 $142 Nc4 32. Rxd6 Nxd6 33. Kf2) 31... Kf7 $16 32. Nf6 h6 (32... Rd4 $16) 33. Rg2 $18 Rd4 $2 {[%mdl 8192]} (33... Rd8 $16) 34. gxh6 {Black must now prevent h7.} Nc2+ {[#]} 35. Ke2 $1 (35. Rxc2 Kxf6 36. h7 (36. Rxc6 Rxf4 37. Rxa6 Re4+ 38. Kf2 Rxh4 $14) 36... Kg7 $14) 35... Rxf4 36. Nd7 $2 (36. h5 {Hoping for h7.} Kxf6 37. h7) 36... Rxh4 37. Rg7+ Ke8 38. h7 Nxb4 39. Nc5 Nxa2 ({Of course not} 39... Rh2+ 40. Kf3 $18) 40. Nxa6 ({Weaker is} 40. Rg8+ Ke7 $18) 40... Nc3+ 41. Kd3 Nd5 ({Worse is} 41... Rh3+ 42. Kd4 $18) 42. Rg8+ Ke7 43. h8=Q Rxh8 44. Rxh8 {Accuracy: White = 57%, Black = 49%.} 1-0

[Event "12th Chennai Open 2020"]
[Site "Chennai"]
[Date "2020.01.21"]
[Round "5.5"]
[White "Goganov, Aleksey"]
[Black "Karthikeyan, P.."]
[Result "1/2-1/2"]
[WhiteElo "2583"]
[BlackElo "2416"]
[Annotator "TA"]
[PlyCount "61"]
[EventDate "2020.01.19"]
[EventType "swiss"]
[EventCountry "IND"]
[SourceTitle "playchess.com"]
[Source "ChessBase"]
[SourceQuality "1"]

{[%evp 20,61,0,0,0,-16,-9,-8,-8,-16,-6,-18,0,-2,0,-9,16,0,0,0,0,0,0,0,0,0,0,-28,0,0,0,0,0,-38,-2,-2,0,0,0,0,0,0,0,0]} 1. Nf3 Nf6 2. c4 e6 3. Nc3 Bb4 4. Qc2 O-O 5. a3 Bxc3 6. Qxc3 b6 7. g3 Bb7 8. Bg2 c5 9. O-O d5 10. cxd5 Nxd5 11. Qc2 Nc6 {A17: English Opening: 1...Nf6 with ...Bb4} 12. b3 Qe7 (12... e5 13. Bb2 Re8 14. e3 Nf6 15. d3 Qd7 16. Rfd1 Rad8 17. Rac1 h6 18. h3 Ba8 19. Bc3 {½-½ (43) Wojtaszek,R (2749)-Ponomariov,R (2709) Tallinn 2016}) 13. Bb2 Rac8 14. e3 Rfd8 15. Rfe1 h6 16. Rad1 Nf6 {[#]} 17. Qb1 $146 ({Predecessor:} 17. d3 Nb8 18. Qb1 Nbd7 19. e4 {½-½ (29) Van der Sterren,P (2555)-Dautov,R (2595) Germany 1998}) 17... b5 18. Rc1 Na5 19. Bc3 b4 20. axb4 cxb4 21. Bxf6 Qxf6 22. Rxc8 Rxc8 23. Nd4 Bxg2 24. Kxg2 e5 25. Nf3 Qe6 26. Qe4 (26. Qa2 $5 {[%cal Ra2a5]} Nc6 27. d3 $11) 26... Nxb3 {White must now prevent ...Nc1.} (26... Rb8 $5 {[%cal Ra5b3]}) 27. Qxb4 {The position is equal.} a5 28. Qb5 e4 29. Nd4 Nxd4 30. exd4 Rd8 31. Qxa5 {Accuracy: White = 57%, Black = 61%.} 1/2-1/2

[Event "12th Chennai Open 2020"]
[Site "Chennai"]
[Date "2020.01.21"]
[Round "5.6"]
[White "David, Alberto"]
[Black "Ameir, Moheb"]
[Result "1/2-1/2"]
[WhiteElo "2562"]
[BlackElo "2363"]
[Annotator "TA"]
[PlyCount "75"]
[EventDate "2020.01.19"]
[EventType "swiss"]
[EventCountry "IND"]
[SourceTitle "playchess.com"]
[Source "ChessBase"]
[SourceQuality "1"]

{[%evp 11,75,10,9,-2,35,23,48,55,71,79,79,80,94,90,90,78,85,89,112,47,46,39,58,48,56,31,21,30,52,60,73,70,75,27,35,29,28,21,32,4,15,9,6,8,8,12,10,0,0,0,0,0,0,0,0,0,0,0,0,0,0,0,0,0,0,0]} 1. c4 c5 2. Nf3 Nc6 3. d4 cxd4 4. Nxd4 Nf6 5. Nc3 e6 6. g3 Qb6 7. Nf3 {A33: Symmetrical English: 2 Nf3 Nf6 3 d4 cxd4 4 Nxd4 e6 5 Nc3 Nc6} (7. Ndb5 Ng4 8. e3 Nge5 9. Nd6+ Bxd6 10. Qxd6 Qb4 11. Qxb4 Nxb4 12. f4 Ned3+ 13. Ke2 d5 14. a3 Nc2 {½-½ (61) Ganguly,S (2633)-Nepomniachtchi,I (2771) Astana 2019}) 7... Ng4 8. e3 d6 $146 ({Predecessor:} 8... Nge5 9. b3 Qa5 10. Bd2 Bb4 11. Rc1 d5 12. Nxe5 Nxe5 13. f4 Nc6 14. a3 Bxa3 15. Nxd5 {1-0 (50) Ozturk,K (2291)-Guerrero Rodriguez,A (2089) Tromsoe 2014}) 9. Bg2 {White is slightly better.} Nge5 10. b3 Nxf3+ 11. Qxf3 Be7 12. O-O O-O 13. Bb2 Bd7 14. Rfd1 Ne5 15. Qe2 ({White should play} 15. Qxb7 $16 Qxb7 16. Bxb7) 15... Bc6 $14 16. Ne4 {[#] Hoping for c5!} Qc7 17. f4 Nd7 18. Qg4 {[%csl Gb2][%cal Rg4g7]} g6 {White must now prevent ...f5.} 19. Qe2 Bxe4 20. Bxe4 f5 21. Bg2 Bf6 22. Bxf6 Nxf6 23. Rd3 Rad8 24. Rad1 Rd7 25. Qd2 {[%cal Rd3d6]} Rfd8 {The position is equal.} 26. Qc3 Kf7 27. Qe1 Qc5 28. Rd4 h5 29. h3 a5 30. Kh2 b6 31. R4d3 d5 32. cxd5 Nxd5 33. Bxd5 Rxd5 34. Rxd5 Rxd5 35. Rxd5 Qxd5 $11 {KQ-KQ} 36. Qc3 Qf3 37. Qc7+ Kf6 38. Qd8+ {Accuracy: White = 70%, Black = 64%.} 1/2-1/2

[Event "12th Chennai Open 2020"]
[Site "Chennai"]
[Date "2020.01.21"]
[Round "5.7"]
[White "Sundararajan, Kidambi"]
[Black "Yudin, Sergei"]
[Result "0-1"]
[WhiteElo "2414"]
[BlackElo "2508"]
[Annotator "TA"]
[PlyCount "84"]
[EventDate "2020.01.19"]
[EventType "swiss"]
[EventCountry "IND"]
[SourceTitle "playchess.com"]
[Source "ChessBase"]
[SourceQuality "1"]

{[%evp 9,84,-7,0,-9,-11,0,0,-14,0,-24,-12,-23,-20,-21,-23,-20,-15,-2,-15,-9,-5,0,-6,-47,-39,-37,-35,-48,-8,-42,-34,-46,-44,-57,-57,-58,-58,-58,-60,-62,-60,-79,-73,-64,-69,-63,-58,-157,-164,-191,-174,-181,-177,-199,-195,-189,-195,-222,-183,-185,-178,-239,-241,-320,-318,-1242,-1212,-1823,-1814,-1825,-1743,-1787,-1645,-1682,-1677,-1211,-1620]} 1. Nf3 d5 2. g3 Nc6 3. Bg2 e5 4. d3 Nf6 5. O-O Bd6 6. Nc3 {A07: Réti Opening: New York and Capablanca Systems} d4 (6... h6 7. e4 d4 8. Ne2 Be6 9. c3 dxc3 10. bxc3 O-O 11. Qc2 Re8 12. Re1 Qd7 13. Bb2 Rad8 14. d4 Bc4 15. Nd2 Ba6 16. d5 Na5 17. c4 b6 18. Nc1 c6 19. Ncb3 Nb7 20. Rac1 {½-½ (20) Andriasian,Z (2628)-Hovhannisyan,R (2592) Martuni 2014}) 7. Nb5 Be7 8. a4 {The position is equal.} O-O 9. c3 a6 $146 ({Predecessor:} 9... Bg4 10. h3 Be6 11. Na3 Qd7 12. Kh2 Rfd8 13. Qc2 Bd5 {½-½ (30) Klempar,M (2265)-Pytlik,L (2000) Czech Republic 2000}) 10. Na3 dxc3 11. bxc3 e4 12. Nd4 Nxd4 13. cxd4 Qxd4 14. Be3 Qe5 {With the idea ...Qh5.} 15. dxe4 Nxe4 16. Bf4 Qe6 17. Qc2 Nc5 $36 {[%mdl 2048] Black is more active.} 18. Be3 Qg6 19. Qxg6 (19. Qc3 $5 {[%cal Re3c5]} Ne6 20. Nc4 $11) 19... hxg6 20. Nc4 a5 21. Rfb1 Be6 22. Bxc5 Bxc5 23. Rb5 b6 24. Bxa8 Bxc4 25. Rxc5 bxc5 $15 {[%mdl 4096] Endgame KRB-KRB} 26. Rc1 Bxe2 ({Much worse is} 26... Rxa8 $6 27. Rxc4 Re8 28. Rxc5 $11) 27. Bd5 {[#]} c6 $1 {[%cal Rc6d5]} 28. Bc4 (28. Bxc6 $15 Rc8 29. Bb5) 28... Bf3 $1 $17 29. Rc3 Bd1 30. Bb3 Rd8 $1 31. Kg2 Bxb3 32. Rxb3 $19 {KR-KR} c4 {[%cal Bc5c4,Bc4c3,Bc3c2][%mdl 32]} 33. Rb6 Rd6 34. Rb8+ Kh7 35. h4 (35. Kf3 $142) 35... c3 36. Rb3 Rd3 {Hoping for ...c2!} 37. Rb6 $2 {[#]} (37. Rb1) 37... c5 $1 {White must now prevent ...c2.Black is clearly winning.} 38. Rb5 {[#]} c4 $1 39. Rb1 c2 40. Rc1 Rd2 41. Kf3 Kg8 42. Ke3 c3 {Accuracy: White = 50%, Black = 89%.} 0-1

[Event "12th Chennai Open 2020"]
[Site "Chennai"]
[Date "2020.01.21"]
[Round "5.8"]
[White "Karthik Venkataraman"]
[Black "Srihari L R"]
[Result "1/2-1/2"]
[WhiteElo "2479"]
[BlackElo "2302"]
[Annotator "TA"]
[PlyCount "85"]
[EventDate "2020.01.19"]
[EventType "swiss"]
[EventCountry "IND"]
[SourceTitle "playchess.com"]
[Source "ChessBase"]
[SourceQuality "1"]

{[%evp 9,85,0,36,18,29,34,39,44,60,56,49,43,61,50,47,35,65,63,66,43,129,87,99,89,94,91,87,77,114,70,64,47,119,128,118,128,112,52,52,52,54,55,70,76,82,68,67,61,75,61,51,0,0,0,0,0,0,0,0,0,0,0,0,0,0,0,0,0,0,0,0,0,0,0,0,0,0,-8]} 1. e3 d6 2. g3 (2. d4 Nf6 3. Nc3 e5 {½-½ (3) Czarnota,P (2534)-Moranda,W (2597) Katowice 2019}) 2... e5 3. Bg2 h5 $146 ({Predecessor:} 3... Nc6 4. c3 Nf6 5. d3 g6 6. Nd2 Bg7 7. Qb3 Qd7 8. Ne2 O-O 9. d4 Re8 {0-1 (32) Halilaj,M-Pavlopoulos,A Ohrid 2017}) 4. h4 Bg4 5. Ne2 c6 6. d4 {A00: Irregular Openings} Nd7 7. c4 Nb6 8. Qc2 {White is slightly better.} Be7 9. b3 Nf6 10. Nbc3 a5 11. Bb2 a4 12. Rd1 a3 13. Ba1 Qc8 14. O-O Bh3 (14... O-O $14) 15. dxe5 dxe5 16. Ne4 {Hoping for Bxh3.} Bxg2 17. Kxg2 Ng4 18. Qd3 Qc7 19. c5 Nd7 20. b4 Ngf6 (20... b6 $14) 21. Nxf6+ $16 Nxf6 22. Qf5 Ng4 23. Qe4 (23. Rd3 $16) 23... Qc8 $1 $14 24. f3 Qf5 $1 {[%cal Rf5e4] [#] Threatens to win with ...Qxe4.} 25. Qd3 Rd8 26. Qxa3 {aiming for e4.} Qc2 27. Rxd8+ Bxd8 28. Re1 Qd2 {[%mdl 64] [#] Double Attack} 29. Qc3 Nxe3+ 30. Kg1 (30. Kf2 $14 Qxc3 31. Bxc3) 30... Qxc3 $1 $11 {The position is equal.} 31. Bxc3 f6 32. f4 O-O 33. fxe5 fxe5 34. Bxe5 Re8 35. Bc3 Nc2 36. Rd1 {Black must now prevent Nf4.} Bf6 37. Bxf6 {Rd2 is the strong threat.} Rxe2 {[%mdl 4096] Endgame KRB-KRN} 38. Rd8+ Kf7 39. Bg5 {And now Rd7+ would win.} Nxb4 40. Rd7+ Kg6 41. Rxb7 Nd3 42. Rc7 Kf5 43. Rd7 {Accuracy: White = 50%, Black = 66%.} 1/2-1/2

[Event "12th Chennai Open 2020"]
[Site "Chennai"]
[Date "2020.01.21"]
[Round "5.9"]
[White "Priyanka, Kumari"]
[Black "Vishnu Prasanna. V"]
[Result "1/2-1/2"]
[WhiteElo "1874"]
[BlackElo "2474"]
[Annotator "TA"]
[PlyCount "90"]
[EventDate "2020.01.19"]
[EventType "swiss"]
[EventCountry "IND"]
[SourceTitle "playchess.com"]
[Source "ChessBase"]
[SourceQuality "1"]

{[%evp 12,90,50,20,64,51,68,50,66,57,57,37,44,28,78,84,88,83,100,74,98,82,91,92,99,43,61,38,46,52,43,31,55,43,32,20,49,52,217,233,597,560,634,622,582,510,810,732,658,282,257,257,271,256,237,180,176,150,160,164,142,153,135,0,142,143,176,0,0,0,3,0,0,0,18,0,0,0,21,0,0]} 1. e4 g6 2. d4 Bg7 3. Nc3 d6 4. Be3 a6 5. Qd2 b5 6. f3 Nd7 7. h4 h6 {B06: Modern Defence} 8. Nh3 Nb6 9. h5 $146 ({Predecessor:} 9. O-O-O b4 10. Nd5 Nxd5 11. exd5 Bxh3 12. Rxh3 Nf6 13. Bc4 Qb8 14. g4 Qb7 15. Kb1 Nxd5 16. Bxd5 Qxd5 17. Qxb4 {0-1 (69) Kryvoruchko,Y (2689)-Petrosian,T (2601) Riadh 2017}) 9... g5 $1 {White is slightly better.} 10. Bd3 Nf6 11. Nf2 Nfd7 12. a4 b4 13. Ne2 {[#] aiming for a5.} a5 14. c3 bxc3 15. bxc3 Nf6 16. f4 gxf4 17. Bxf4 ({Much weaker is} 17. Nxf4 e5 $11) 17... Bd7 18. Bc2 (18. e5 $16 Nfd5 19. O-O) 18... e5 $14 {[%mdl 64] [#] Decoy} 19. dxe5 dxe5 20. Bxe5 Nc4 21. Qd4 Nxe5 22. Qxe5+ Qe7 23. Nd3 Be6 24. Nd4 $36 {[%mdl 2048] White has the initiative.} O-O $2 ({Black should play} 24... Qd6 $14) 25. Nf5 $18 Bxf5 $2 (25... Qd8 {is more resistant.}) 26. Qxe7 Rae8 27. Qxc7 ({Not} 27. exf5 Rxe7+ 28. Kf2 Ne4+ 29. Kg1 Bxc3 $17) 27... Rxe4+ 28. Kd2 Rg4 (28... Nd5 $142) 29. Nf4 Rc8 30. Bxf5 (30. Qxa5 $142 Bxc2 31. Kxc2 Rxf4 32. Rad1) 30... Rxc7 31. Bxg4 Nxg4 32. Ne2 Nf2 33. Rh4 Bf6 34. Rd4 Bxd4 35. cxd4 $16 {[%mdl 4096] Endgame KRN-KRN} Ne4+ 36. Kd3 Nf2+ 37. Kd2 Ne4+ $1 38. Ke3 Nf6 39. Nf4 $2 (39. Rc1 $18) 39... Rc3+ $11 {The position is equal.} 40. Ke2 Kf8 41. Kd2 Ne4+ 42. Ke2 Nd6 43. Kd2 Rg3 44. Ke2 Rc3 45. Kd2 Ne4+ {Accuracy: White = 48%, Black = 54%.} 1/2-1/2